LEADER 01099cam2 22002891 450 001 SOBE00020045 005 20111124114735.0 100 $a20111124d1962 |||||ita|0103 ba 101 $aspa 102 $aES 200 0 $a1 210 $aMadrid$cAtlas$d1962 215 $aCXIII, 347 p.$c1 ill.$d26 cm 225 2 $aBiblioteca de autores españoles$h(continuacion)$v148 410 1$1001SOBE00018834$12001 $a*Biblioteca de autores españoles. (continuacion)$v148 461 1$1001SOBE00020043$12001 $aObras de D. Francisco Martinez de La Rosa / edicion y estudio preliminar de D. Carlos Seco Serrano 700 1$aMartínez de la Rosa$b, Francisco$3SOBA00001835$4070$0386763 702 1$aSeco Serrano, Carlos$3SOBA00001766$4070 801 0$aIT$bUNISOB$c20111124$gRICA 850 $aUNISOB 852 $aUNISOB$j860|Coll|1|K$m20194 912 $aSOBE00020045 940 $aM 102 Monografia moderna SBN 941 $aW 957 $a860|Coll|1|K$b000069$i-1$gSI$d20194$racquisto$tI$1vittorini$2UNISOB$3UNISOB$420111124114404.0$520120510121813.0$6vittorini 996 $a1$91720564 997 $aUNISOB